000 00406nmm a2200157Ia 4500
008 251105s9999||||xx |||||||||||||||||und||
041 _aspa
100 _aHill, Teresa
245 0 _aUna novia de diseño
264 _a[Madrid, España] :
_bHarlequin,
_c2012
300 _a192 páginas
490 _aJulia
650 _aRomance
856 _uhttps://public.digitaliapublishing.com/a/50102
942 _cCF
999 _c99673
_d99673